Desempeño y robustez de los métodos de sintonización de controladores PID basados en modelos de segundo orden más tiempo muerto

Wedi'i Gadw mewn:
Manylion Llyfryddiaeth
Prif Awdur: Mora Castro, José E
Fformat: Llyfr
Cyhoeddwyd: [San José, Costa Rica] 2004
Pynciau:
Tagiau: Ychwanegu Tag
Dim Tagiau, Byddwch y cyntaf i dagio'r cofnod hwn!

MARC

LEADER 00000nam a2200000Ia 4500
003 009416
005 20221231144135.0
008 140114s2004 cr a m 000 ||sp |
040 |c cru CEDI 
090 |a TFG 4959 
100 |a Mora Castro, José E  |9 3139 
245 |a Desempeño y robustez de los métodos de sintonización de controladores PID basados en modelos de segundo orden más tiempo muerto  
260 |c 2004  |a [San José, Costa Rica] 
300 |a xix, 149 hojas : ilustraciones  
500 |a Proyecto de graduación (bachillerato en ingeniería eléctrica)--Universidad de Costa Rica. Facultad de Ingeniería. Escuela de Ingeniería Eléctrica 
650 |x CONTROLADORES PID   |x CONTROL AUTOMATICO   |x SISTEMAS DE CONTROL DIGITAL  |9 6278 
942 |c TFG 
999 |c 17461  |d 17461